000 00474nam a2200169 a 4500
005 20210223120737.0
008 991125s1940 mx 000 0 spa u
035 _aUPN01000006537
049 _aCG
050 4 _aM1497
_bS2.2
100 1 _aSandi Meneses, Luis,
_d1905-1996
_929948
245 1 0 _aCanto por nota :
_blecturas musicales : segunda parte /
_cLuis Sandi.
260 _aMéxico :
_bAriel,
_c[1940?].
300 _a52 p.
650 4 _aCANCIONEROS
_95567
905 _aLibro
999 _c6537
_d6537